Gedrängte Geschichte der französischen Revoluzion und des dadurch entstandenen Krieges. Erster Band /

Hlavní autor: Schiller, Karl August, 18./19. stol.
Další autoři: Maillard, Ludwig, -1806, Gerstner, Joseph, 1768-1813
Jazyk: Němčina
Vydáno: Leipzig : Im Verlage bei Anton Doll, 1800
Témata:
Fyzický popis: 2 nečíslované strany, LVIII, 436 stran, 1 nečíslovaná obrazová příloha ; 8°
Knihy
Uloženo v:
LEADER 02515nam a2200565 i 4500
001 mzk03001258089
003 CZ BrMZK
005 20190109134543.0
007 ta
008 190109s1800 gw f fr|||||00| ||gerod
040 |a BOA001  |b cze  |e rda 
043 |a e-fr--- 
072 7 |a 94(44/449.49)  |x Dějiny Francie a Monaka  |2 Konspekt  |9 8 
072 7 |a 094  |x Staré tisky  |2 Konspekt  |9 12 
080 |a 93/94  |2 MRF 
080 |a 94(44)"1789/1794"  |2 MRF 
080 |a 025.171  |2 MRF 
080 |a 94 (44)  |2 MRF 
080 |a (0.068)094  |2 MRF 
100 1 |a Schiller, Karl August,  |d 18./19. stol. 
245 1 0 |a Gedrängte Geschichte der französischen Revoluzion und des dadurch entstandenen Krieges.  |n Erster Band /  |c Von Carl August Schiller 
246 3 8 |a Geschichte der französischen Revoluzion 1 
264 1 |a Leipzig :  |b Im Verlage bei Anton Doll,  |c 1800 
300 |a 2 nečíslované strany, LVIII, 436 stran, 1 nečíslovaná obrazová příloha ;  |c 8° 
336 |a text  |b txt  |2 rdacontent 
337 |a bez média  |b n  |2 rdamedia 
338 |a svazek  |b nc  |2 rdacarrier 
500 |a Výzdoba: Mědirytinový frontispis (Es lebe der König! Budesfest zu Paris am 14 Julius 1790.) signovaný L. Maillard del. J. Gerstner sc., na titulním listě ozdobné linky, iniciály, jednoduché a ozdobné linky 
500 |a Rozsah: [2], LVIII, 436 s. [1] obr. příl. 
561 |a Provenience: [m.p.] P. Clementis Strassil OSB 
561 |a Provenience: [m.p.] Monasterii Braunensis O.S.B. 
561 |a Provenience: [razítko] S.A.B. BRAUNAU 
561 |a Provenience: [razítko] SVK HK/ 1534 
563 |a Papírová vazba, lepenkové desky polepené podrým mramorovaným papítem, na hřbetu červený nápisový štítek se zlaceným slepotiskovým názvem, ořízka stříkaná červenou barvou 
650 7 |a dějiny  |7 ph114390  |2 czenas 
650 7 |a francouzská revoluce (1789-1794 : Francie)  |7 ph138786  |2 czenas 
650 7 |a historické knihovní fondy  |7 ph172933  |2 czenas 
655 7 |a staré tisky  |7 fd422076  |2 czenas 
700 1 |a Maillard, Ludwig,  |d -1806  |7 mzk2016926719  |4 ill 
700 1 |a Gerstner, Joseph,  |d 1768-1813  |7 xx0086182  |4 egr 
903 |a RP 
910 |a NAG950  |b B - XXII. E. bb. 19,1 
978 |b Doll, Anton  |a Leipzig  |c 1800 
981 1 |a Strassil, Clementis  |c OSB  |d 1748-1829 
982 0 |a Broumov - benediktinský klášter 
982 0 |a Hradec Králové - SVK 
984 |a Lipsko  |b Německo 
990 |a BK 
991 |k broumov 
980 |c 001992  |g B - XXII. E. bb. 19,1  |1 458950001992